Normal view MARC view

Entry Personal Name

Number of records used in: 1

001 - CONTROL NUMBER

  • control field: 42284

003 - CONTROL NUMBER IDENTIFIER

  • control field: dpl

005 - DATE AND TIME OF LATEST TRANSACTION

  • control field: 20120216131912.0

008 - FIXED-LENGTH DATA ELEMENTS

  • fixed length control field: 120216|||a|||||| | ||| d

040 ## - CATALOGING SOURCE

  • Original cataloging agency: dpl
  • Transcribing agency: dpl

100 ## - HEADING--PERSONAL NAME

  • Personal name: बत्रा, प्रमोद

670 ## - SOURCE DATA FOUND

  • Source citation: Work cat.: (dpl): बत्रा, प्रमोद, बनो विजेता हर बार /, 2006

670 ## - SOURCE DATA FOUND

  • Source citation: Work cat.: (dpl): बत्रा, प्रमोद, बनो विजेता हर बार /, 2006

© Delhi Public Library
Hit Counter
free hit counter